00418nam a2200121Ia 4500008004100000020001800041100002000059245006100079260003700140440004900177650002600226856004400252171212s9999 xx 000 0 und d a9781846319464 aAsibong, Andrew cAsibong, AndrewaMarie NDiayebBlankness and Recognition bLiverpool University Pressc2013 aContemporary French and Francophone Cultures aLanguage & Literature uhttp://www.jstor.org/stable/j.ctt5vjd7h